000 00332 a2200145 4500
001 149144
040 _cEscola São Tomás de Aquino
100 _aWAJMAN, Simone Schapira
240 1 0 _aO ovo e o vovô
_lpor
245 1 0 _aO ovo e o vovô
362 0 _a2001
440 1 _aPaulinas
697 _a*LITERATURA INFANTIL
942 _cBK
999 _c149144
_d149144